MAY 9 PEOPLE POWER SAVES MALAYSIA : MAHATHIR LEADS THE WAY : GET14 VOTES OUT CORRUPTION

Bibliographic Details
Main Author: Krishnamoorthy Muthaly (Author)
Format: Book
Language:English
Published: Petaling Jaya, Selangor : Krishnamoorthy Muthaly 2018
Subjects:

MARC

LEADER 00000cam a2200000 7i4500
001 0000028499
005 20241122.0
008 190515 my o eng
020 |a 9789671295021 
040 |a INS   |b eng   |e rda 
090 0 0 |a DS597.215.M34   |b K92 2018 
100 0 |a Krishnamoorthy Muthaly ,   |e author 
245 1 0 |a MAY 9 PEOPLE POWER SAVES MALAYSIA :   |b MAHATHIR LEADS THE WAY : GET14 VOTES OUT CORRUPTION   |c KRISHNAMOORTHY MUTHALY 
264 1 |a Petaling Jaya, Selangor :   |b Krishnamoorthy Muthaly   |c 2018 
264 4 |c ©2018 
300 |a 161 pages :   |b colour photographs ;   |c 22 cm. 
336 |a text  |2 rdacontent 
337 |a unmediated  |2 rdamedia 
338 |a volume  |2 rdacarrier 
600 0 0 |a Mahathir bin Mohamad, ,   |c Tun, ,   |d 1925- 
650 0 |a Malaysia   |x Politics and government 
999 |a 1000003727   |b BOOK   |c Open Shelf   |e Default branch